000 00611nam a22002177a 4500
003 UA-OsUOA
001 68472
007 ta
008 20100426b un ||||| |||| 00| 0 ukr d
100 _aГорішня М.
090 _a2
_bГ69
942 _cSA
040 _aUA-OsUOA
_bukr
_cUA-OsUOA
_dUA-OsUOA
245 _aХристиянство і влада у свідченні ранніх Отців Церкви
300 _aС.16-19
955 _a0
041 _aukr
080 _a2
773 0 _w68470
_tХристиянин і світ
_dК.
_d2010
_g2
650 7 _a2 Релігія. Теологія.
_2UDC
999 _c354710
_d354710